000 00902ata a2200277 4500
005 20250919184912.0
008 150713b2016 xxu||||| |||| 00| 0 spa d
020 _a9977133735
041 _aESP
082 _a351.007.6 C8374l9
100 _aCosta Rica. Leyes, decretos, etc..
245 _aLey General de Control Interno
250 _a9 edición
260 _aCosta Rica
260 _bIJSA
260 _c2016
300 _a584 páginas
490 _aTemática General
505 _a1. Manual de normas Generales de Control Interno para la Contraloría de la República y las entidades y órganos sujetos a su fiscalización 2 Manual de Normas para el Ejercicio de la Auditoria Interna en el Sector Publico
650 _aCOSTA RICA
650 _aCONTROL INTERNO
650 _aADMINISTRACIÓN PÚBLICA
650 _aDERECHO ADMINISTRATIVO
942 _cBK
_2ddc
999 _c1700
_d1700